| 000 | 00916nam a2200253 a 4500 | ||
|---|---|---|---|
| 001 | 000022681 | ||
| 005 | 20240510073819.0 | ||
| 008 | 101014s1988 dr a 000 0 spa d | ||
| 040 |
_aDO-SdBNP _bspa _cBNPHU |
||
| 082 |
_a253.7 _bE56d |
||
| 111 | 2 | 0 |
_aEncuentro Nacional Eclesial cubano _d(1986, 17-23 feb. _cCiudad de la Habana, Cuba) _946632 |
| 245 | 1 | 0 | _aDocumento final e instrucción pastoral de los obispos. |
| 260 |
_aSanto Domingo : _bAmigo del Hogar, _c1988. |
||
| 300 |
_a271 p. : _bil. ; _c23 cm. |
||
| 504 | _aIncluye bibliografía y notas al pie de páginas. | ||
| 590 | _aInventariado, 2018/ YL | ||
| 650 | 0 |
_aVida cristiana _9668 |
|
| 650 | 4 |
_aEjercicios espirituales _98168 |
|
| 650 | 4 |
_aLiturgía _xMetodología _946633 |
|
| 650 | 4 |
_aTeología pastoral _93734 |
|
| 650 | 4 |
_aAcción católica _937021 |
|
| 710 | 2 |
_aConferencia Episcospal Cubana _946634 |
|
| 910 | _aValidado. Control de calidad EMS | ||
| 999 |
_c22178 _d22178 |
||